000 00819nam a2200265Ia 4500
003 OSt
005 20220918171301.0
006 a|||||r|||| 00| 0
007 ta
008 220917b |||||||| |||| 00| 0 eng d
020 _a9781462517978 (pbk)
_cUSD 60.00
024 _a317,732
037 _b8009, 10/03/2017, Efficient Book Distributors
_cTextual
040 _aARTS
_cARTS
_beng
041 _2eng
_aeng
082 _aSigma:f, Q6
100 _aYin Robert K. Au.
_935383
245 0 _aQualitative research from start to finish
250 _a2nd
260 _aNew York
_bThe Guilford Press USA
_c2016
300 _axxix,386p.
_ccm.
650 _aRESEARCH METHODS
942 _hSigma:f, Q6
_cTEXL
_2CC
999 _c138772
_d138772